000 004380000a22001810004500
003 MACL
005 20160128174505.0
008 160128b xxu||||| |||| 00| 0 eng d
040 _aMACL
_cmalc
041 _aEnglish
082 _a920.72/DAS
100 _aDasgupta, Shahana
_913361
245 _aRaza The People's Queen
260 _bRupa Co
_c2001
_aNoida
350 _a50
650 _aBiography
_935161
942 _cBK
_k920.72/DAS
_2ddc
999 _c32209
_d32209